000 00246nam a22001097a 4500
082 _a808.3 WYS'S
100 _aWYES, JOHANN R
_976052
245 _aTHE SWISS FAMILY ROBINSON
260 _aBERKSHIRE
_bPURNELL
_c1976
300 _a138P
942 _cBK
999 _c581460
_d581460